| 000 | 00822nam a2200229 i 4500 | ||
|---|---|---|---|
| 001 | 145088 | ||
| 003 | ES-MaACL | ||
| 005 | 20250810092542.0 | ||
| 007 | t| | ||
| 008 | 070214s1931 fr r ||||1| fre d | ||
| 100 | 1 |
_aSommer, Edouard. _9107269 |
|
| 245 | 1 | 0 |
_aLexique français-latin _b: extrait du Dictionnaire français-latin de L. Quicherat / _cE. Sommer ; revue et completé par Emile Chatelain. |
| 250 | _a41ème éd. | ||
| 260 |
_aParis : _bHachette, _c1931 ( _eSaint-Denis : _fJ. Dardaillou) |
||
| 300 |
_a512 p. ; _c22 cm. |
||
| 650 | 0 | 4 |
_aLengua latina- _vDiccionarios- _xFrancés. _914296 |
| 650 | 4 |
_aLengua francesa- _vDiccionarios- _xLatín. _914212 |
|
| 700 | 1 |
_aQuicherat, Louis-Marie, _d1799-1884 _994607 |
|
| 700 | 1 |
_aChatelain, Emile. _938182 |
|
| 852 |
_aES-MaACL _jA-1208 |
||
| 999 |
_c145088 _d145088 |
||